00923nam a22001697a 4500020001800000082002100018245013800039260006300177300001500240520034300255650003300598650002200631700002900653700002500682700002200707700002400729 a9788192351858 a333.315416bASP- aAspects of Land Policy in Assam:bContinuity and Changecedited by Dinesh Ch. Baroowa, Priyam Goswami, Shiela, Bora and Sujatha Nayak aGuwahati:bVivekananda Kendra Institute of Culture,c2012. axii, 242p. a"Aspects of Land Policy in Assam: Continuity and Change" explores the evolution of land policies in Assam, focusing on their historical development, colonial legacies, and contemporary reforms. It examines the dynamics of land ownership, land use, and tenure systems that have shaped the socio-economic and political fabric of the region. aContinuity and ChangezAssam aPolicy Challenges aBaroowa, Dinesh Ch.eEd. aGoswami, PriyameEd. aBora, ShielaeEd. aNayak, SujathaeEd.